| 000 | 00885nam a2200241Ia 4500 | ||
|---|---|---|---|
| 003 | GCL | ||
| 008 | 140319s9999 xx 000 0 ara d | ||
| 040 |
_aGCL / _cGCL |
||
| 082 | 0 | 4 |
_aق _b630.62 _bج ا |
| 100 | 1 | _aالجمعية المصرية للدراسات التاريخية | |
| 245 | 1 | 0 |
_aالارض والفلاح فى مصر على مر العصور / _cالجمعية المصرية للدراسات التاريخية |
| 300 | _a312 ص | ||
| 490 |
_aالهيئة العامة للاستعلامات _v0 |
||
| 650 | 0 | 4 | _aمصر |
| 650 | 0 | 4 | _aالزراعة |
| 650 | 0 | 4 | _aالعمل والعمال |
| 650 | 0 | 4 | _aقانون الملكية |
| 650 | 0 | 4 | _aالزراعة - مصر |
| 650 | 0 | 4 | _aالاصلاح الزراعى - مصر |
| 650 | 0 | 4 | _aالزراعة - قوانين وتشريعات |
| 650 | 0 | 4 | _aالاراضى الزراعية - مصر |
| 942 |
_2ddc _cBK |
||
| 999 |
_c50800 _d50800 |
||